banner-ar

MARING MONEY IN THE MULTIMEDIA HHH / (Record no. 10983)

MARC details
000 -الفاتح
حقل البيانات ثابتة الطول 00678nam a2200193Ia 4500
008 - عناصر البيانات ثابتة الطول - معلومات عامة
حقل البيانات ثابتة الطول 140319s9999 xx 000 0 eng d
040 ## - مصدر الفهرسة
وكالة الفهرسة الأصلية GCL /
وكالة النسخ GCL
082 04 - رقم تصنيف ديوى العشرى
رقم التصنيف 005.3
رقم المادة M M
100 1# - المدخل الرئيسى - إسم شخصى
الإسم الشخصى MLADEN, CARYN
245 10 - بيان العنوان
العنوان MARING MONEY IN THE MULTIMEDIA HHH /
بيان المسئوليه,etc MLADEN, CARYN
700 1# - المدخل الاضافى - اسم شخصى
الإسم الشخصى ROSEN, DAVID
260 ## - PUBLICATION, DISTRIBUTION, ETC. (IMPRINT)
تاريخ النشر أو التوزيع 1994
300 ## - الوصف المادى
التعداد 213
650 04 - المدخل الاضافى بالموضوع-مصطلح موضوعى
مصطلح موضوعي CD - ROM INDUSTRY
650 04 - المدخل الاضافى بالموضوع-مصطلح موضوعى
مصطلح موضوعي NEW BUSINESS ENTERYRISES
650 04 - المدخل الاضافى بالموضوع-مصطلح موضوعى
مصطلح موضوعي CD - ROM
942 ## - عناصر المدخل الإضافي( كوها)
مصدر التصنيف او مخطط الترفيف Dewey Decimal Classification
Koha [default] item type كتاب
260 ## - PUBLICATION, DISTRIBUTION, ETC. (IMPRINT)
-- [S.N] :
-- ADDISON - WESLEY PUBLISHING COMPANY ،
Holdings
حالة التراجع حالة الفقد حالة تلف ليس للاعارة المكان المؤقت الموقع الحالى تاريخ الاكتساب اجمالي اﻻعارات رقم الطلب الباركود تاريخ اخر مشاهدة تاريخ تفعيل السعر نوع وعاء كوها
        مكتبة القاهرة الكبرى مكتبة القاهرة الكبرى 03/26/2014   005.3\ M M 21952 03/26/2014 03/26/2014 كتاب
        مكتبة القاهرة الكبرى مكتبة القاهرة الكبرى 03/26/2014   005.3\ M M 21953 03/26/2014 03/26/2014 كتاب
        مكتبة القاهرة الكبرى مكتبة القاهرة الكبرى 03/26/2014   005.3\ M M 21954 03/26/2014 03/26/2014 كتاب

Powered By

EGPV